| 000 | 01351cam5a220032501 4500 | ||
|---|---|---|---|
| 001 | lce00850662 | ||
| 008 | 730122s1973 nyua b 000 0 eng | ||
| 010 | _a 73000596 | ||
| 020 | _a0471959057 | ||
| 035 | _a(Sirsi) r97875 | ||
| 035 | _a(DLC) 73000596 | ||
| 035 | _a(UPRA)lce00850662 | ||
| 040 | _dUPRA | ||
| 050 | 0 |
_aRB48 _b.W64 |
|
| 060 | _aQY490 W855p 1973 | ||
| 082 | _a616.07/56 | ||
| 100 | 1 |
_aWolf, Paul L. _6A56420.1 |
|
| 245 | 1 | 0 |
_aPractical clinical enzymology: techniques and interpretations / _c[by] Paul L. Wolf [and] Dorothy Williams, and Biochemical profiling [by] Elisabeth Von der Muehll [and] Paul L. Wolf. |
| 260 |
_aNew York : _bWiley, _c[1973] |
||
| 440 | 0 |
_aStanford series on methods and techniques in the clinical laboratory _6S9229.1 |
|
| 500 | _a"A Wiley-Interscience publication." | ||
| 500 | _a"Multiphasic testing [by] Elisabeth Von der Muehll and Paul L. Wolf": p. 396-567. | ||
| 504 | _aIncludes bibliographical references. | ||
| 650 | 0 |
_aClinical enzymology. _6S18788.1 |
|
| 650 | 2 |
_aEnzyme tests. _6S19938.2 |
|
| 700 | 1 |
_aWilliams, Dorothy, 1931- _dWilliams, Dorothy, 1931- _6A56421.1 |
|
| 700 | 1 |
_aVon der Muehll, Elisabeth. Biochemical profiling. 1973. _tVon der Muehll, Elisabeth. Biochemical profiling. 1973. _6A56422.1 |
|
| 949 |
_aRB48 _wLC _i-139052 _mMEDICAL _tBOOK _lON-SHELF |
||
| 004 | 97875 | ||
| 999 |
_c51415 _d51415 |
||